| 000 | 00897nam a2200241 a 4500 | ||
|---|---|---|---|
| 001 | 78402 | ||
| 003 | BD-RjUL | ||
| 005 | 20211209083127.0 | ||
| 008 | 210912s1960 ii ||||| |||| 00| 1 ben d | ||
| 035 | _a(BD-RjUL)78628 | ||
| 040 |
_aBD-RjUL _beng _cBD-RjUL _dBD-RjUL |
||
| 041 | _aben | ||
| 082 |
_223 _a891.443 _bSAV 1960 |
||
| 100 | 1 |
_aসাংকৃত্যায়ন, রাহুল _9134947 |
|
| 245 | 1 | 0 |
_aভোলগা থেকে গঙ্গা / _cরাহুল সাংকৃত্যায়ন |
| 250 | _a১ম সং. | ||
| 260 |
_aকলিকাতা : _bমিত্রালয়, _c১৯৬০ |
||
| 300 |
_a১২৬ পৃ. ; _c২১ সেমি. |
||
| 505 | 0 | 1 | _aপর্ব ২য় -- |
| 650 |
_aবাংলা সাহিত্য _xছোটগল্প _9123283 |
||
| 650 |
_aBengali Literature _xShort Stories _9134948 |
||
| 942 |
_2ddc _cBK |
||
| 999 |
_c78402 _d78402 |
||